| 000 | 00511nam a22001817a 4500 | ||
|---|---|---|---|
| 008 | 170407b xxu||||| |||| 00| p tur d | ||
| 020 | _a9789750816383 | ||
| 041 | _atur | ||
| 050 | _aPL248.E58 | ||
| 100 |
_aEmre, Gültekin _9502 |
||
| 245 | _aKüçük Deniz Toplu Şiirler 2006-1977 | ||
| 250 | _a1. Baskı | ||
| 260 |
_aİstanbul _bYapı Kredi Yayınları _cTemmuz 2009 |
||
| 300 | _a403 sayfa | ||
| 500 | _aYapı Kredi Yayınları: 2935; Şiir: 265 | ||
| 650 | 0 |
_9145 _aTürk Edebiyatı |
|
| 942 |
_2lcc _cBK |
||
| 999 |
_c1280 _d1258 |
||